000 00427nam a2200193Ia 4500
005 20240823035237.0
008 240823s9999||||xx |||||||||||||| ||und||
020 _a978-0-00-736860-0
041 _aENGLISH
082 _A823.7 Q0
100 _aJane Austen
245 0 _aNorthanger Abbey
250 _a1st
260 _c2010
_bCollins Cla
500 _aYES
650 _aNovel
_bEnglish
942 _cBK
999 _c200219
_d200219